000 00651nam a2200205Ia 4500
003 GCL
008 140319s9999 xx 000 0 ara d
020 _a535419960
040 _aGCL /
_cGCL
082 0 4 _a692.03
_bم م
100 1 _aمينز، ار . اس
245 1 0 _aمعجم مينز الانشائى المصور /
_cمينز، ار . اس
250 _aالاولى
260 _aبيروت :
_bالدار العربية للعلوم ،
_c2002
300 _a512 ؛
_c32 سم
650 0 4 _aهندسة الانشاءات
650 0 4 _aالهندسة - معاجم
650 0 4 _aهندسة الانشاءات - معاجم
942 _2ddc
_cBK
999 _c6468
_d6468